LEADER 00875nam a2200205 i 4500 001 000000184257 003 CaOOAMICUS 005 20091223000000.0 008 091223s1969 gw u000 u ger u 013 $a162237 040 $aSeMil$bita 100 1 $aHoll, Karl,$d<1866-1926>.$0(OLS)http://semarc/name/4418 245 10$aEnthusiasmus und Bussgewalt beim griechischen Mönchtum :$beine studie zu Symeon dem neuen Theologen /$cVon Karl Holl. 260 $aHildesheim :$bOlms,$c1969. 300 $aVI, 331 p. ;$c22 cm. 850 $aSeMil 852 $aSeMil$W1$xVenegono$y1$m2S IV 220$j134953$B134953$CSeMilBibl$Z2$F146588 $81 961 $aOmaggio: Altro 996 $6245$aEnthusiasmus und Bussgewalt beim griechischen Mönchtum :$beine studie zu Symeon dem neuen Theologen$9(OLS)http://semarc/title/264471 996 $6260$aHildesheim :$bOlms$9(OLS)http://semarc/publisher/30322 LEADER 01020nam a2200253 i 4500 001 000000071508 003 CaOOAMICUS 005 20081205000000.0 008 081205s1961 fr u000 u fre u 013 $a42680 020 $a2-213-00613-X 040 $aSeMil$bita 100 1 $aHazard, Paul <1878-1944>.$0(OLS)http://semarc/name/14549 245 13$aLa crise de la conscience européenne, 1680-1715 /$cPaul Hazard. 260 $aParis :$bFayard,$cc1961. 300 $aXI, 443 p. ;$c22 cm. 650 4$aFilosofia - Storia - Sec. 17.-18.$0(OLS)http://semarc/subject/14310 650 4$aIlluminismo.$0(OLS)http://semarc/subject/311 850 $aSeMil 852 $aSeMil$W1$xVenegono$y1$m2P VII 537$j256602$B37661$CSeMilBibl$Z2$F37664 $81 961 $aLascito: Madaschi don Dario 996 $6020$a2-213-00613-X$9(OLS)http://semarc/number/50613 996 $6245$aLa crise de la conscience européenne, 1680-1715$9(OLS)http://semarc/title/115004 996 $6260$aParis :$bFayard$9(OLS)http://semarc/publisher/29821